Consumer choice behavior: (Record no. 53404)
[ view plain ]
| 000 -LEADER | |
|---|---|
| fixed length control field | 00700nam a2200229 a 4500 |
| 001 - CONTROL NUMBER | |
| control field | 53404 |
| 003 - CONTROL NUMBER IDENTIFIER | |
| rucl marc code | BD-RjUL |
| 005 - DATE AND TIME OF LATEST TRANSACTION | |
| control field | 20211209075945.0 |
| 008 - FIXED-LENGTH DATA ELEMENTS--GENERAL INFORMATION | |
| fixed length control field | 161006s1972 nyua bs 001 0 eng |
| 035 ## - SYSTEM CONTROL NUMBER | |
| System control number | (BD-RjUL)53524 |
| 040 ## - CATALOGING SOURCE | |
| Original cataloging agency | DLC |
| Transcribing agency | DLC |
| Modifying agency | DLC |
| -- | BD-RjUL |
| Language of cataloging | eng |
| 041 ## - LANGUAGE CODE | |
| Language code of text/sound track or separate title | eng |
| 082 00 - DEWEY DECIMAL CLASSIFICATION NUMBER | |
| Classification number | 658.8342 |
| Edition number | 23 |
| Author mark and year | HAC 1972 |
| 100 1# - MAIN ENTRY--PERSONAL NAME | |
| Personal name | Hansen, Flemming |
| 9 (RLIN) | 159624 |
| 245 10 - TITLE STATEMENT | |
| Title | Consumer choice behavior: |
| Remainder of title | a cognitive theory / |
| Statement of responsibility, etc. | Flemming Hansen |
| 260 ## - PUBLICATION, DISTRIBUTION, ETC. (IMPRINT) | |
| Place of publication, distribution, etc. | New York : |
| Name of publisher, distributor, etc. | Free Press, |
| Date of publication, distribution, etc. | c1972 |
| 300 ## - PHYSICAL DESCRIPTION | |
| Pagination | xi, 548 p. : |
| Illustrations | ill. ; |
| Size | 24 cm. |
| 504 ## - BIBLIOGRAPHY, ETC. NOTE | |
| Bibliography, etc | Inciudes Bibliography: p. 493-538 and Index |
| 650 #0 - SUBJECT ADDED ENTRY--TOPICAL TERM | |
| Topical term or geographic name as entry element | Consumption (Economics) |
| 9 (RLIN) | 159625 |
| Topical term or geographic name as entry element | Consumer behavior. |
| 9 (RLIN) | 159626 |
| 942 ## - ADDED ENTRY ELEMENTS (KOHA) | |
| Source of classification or shelving scheme | Dewey Decimal Classification |
| Koha item type | Books |
| Lost status | Source of classification or shelving scheme | Damaged status | Not for loan | Collection code | Permanent Location | Current Location | Shelving location | Date acquired | Source of acquisition | Cost, normal purchase price | Total Checkouts | Full call number | Date last seen | Copy number | Koha item type |
|---|---|---|---|---|---|---|---|---|---|---|---|---|---|---|---|
| Dewey Decimal Classification | Non-fiction | Central Library, University of Rajshahi | Central Library, University of Rajshahi | 12/04/1977 | W.Hedden & son | 9.00 | 658.8342 HAC 1972 | 06/10/2016 | C-2 | Books | |||||
| Dewey Decimal Classification | Not For Loan | Non-fiction | Central Library, University of Rajshahi | Central Library, University of Rajshahi | Reading Room | 12/01/1977 | W. Heffer and Son | 9.00 | 658.8342 HAC 1972 | 17/01/2017 | C-1 | Books |